| 000 | 00315nam a22001097a 4500 | ||
|---|---|---|---|
| 008 | 160428b xxu||||| |||| 00| 0 eng d | ||
| 020 | _a`9780763774141 | ||
| 041 | _aeng | ||
| 080 | _a618.2 | ||
| 245 |
_aClinical guidelines for advanced practice nursing: _cGeraldine M. Collins Bride; Jo Ann M. Saxe; |
||
| 942 |
_2udc _cBK |
||
| 999 |
_c1663 _d1663 |
||